Normal view MARC view

Entry Personal Name

Number of records used in: 1

001 - CONTROL NUMBER

  • control field: 25769

003 - CONTROL NUMBER IDENTIFIER

  • control field: OSt

005 - DATE AND TIME OF LATEST TRANSACTION

  • control field: 20230612155712.0

008 - FIXED-LENGTH DATA ELEMENTS

  • fixed length control field: 230612|| aca||aabn | a|a d

040 ## - CATALOGING SOURCE

  • Original cataloging agency: OSt
  • Transcribing agency: OSt

100 ## - HEADING--PERSONAL NAME

  • Personal name: ၼွင်ႉၼၢင်း၊
  • Titles and other words associated with a name: ဢီႇ။

670 ## - SOURCE DATA FOUND

  • Source citation: Work cat.: (OSt): ၼွင်ႉၼၢင်း၊ ဢီႇ။, သဵင်ၵႂၢမ်း /, 1969 ။

Library - 09407999929
Admin Office - 09407999979
Dean Office - 09250910768
Registrar Office - 09892297154
Email - [email protected]
Shan State Buddhist University, Phaya Phyu Taunggyi, Shan State, Myanmar.